Coming up to date (Record no. 71505)
[ view plain ]
| 000 -LEADER | |
|---|---|
| fixed length control field | 01368cam a2200253 4500 |
| 001 - CONTROL NUMBER | |
| control field | ABS66023 |
| 008 - FIXED-LENGTH DATA ELEMENTS--GENERAL INFORMATION | |
| fixed length control field | 021104n2002 000 0 eng u |
| 035 ## - SYSTEM CONTROL NUMBER | |
| System control number | (Sirsi) u120346 |
| 100 ## - MAIN ENTRY--PERSONAL NAME | |
| Personal name | Maslen, L |
| 245 ## - TITLE STATEMENT | |
| Title | Coming up to date |
| 260 ## - PUBLICATION, DISTRIBUTION, ETC. | |
| Date of publication, distribution, etc. | 2002 |
| 490 ## - SERIES STATEMENT | |
| Series statement | Accountancy |
| Volume/sequential designation | 130(1310) October 2002, 113-115 |
| 520 ## - SUMMARY, ETC. | |
| Summary, etc. | Sets out the key recommendations in the white paper, "Modernising company law", published in July 2002. Government has tried to address the needs of small companies first, with additional provisions for larger/public companies where necessary. Areas covered in the company white paper include company formation and constitution; capital maintenance; availability of company information; shareholders and decision making; directors' responsibilities; company reporting and audit including financial statements and operating and financial review (OFR); legislative proposals such as the Standard's Board; and oversea companies. Highlights where further consultation is being sought. White paper available from www.dti.gov.uk/companiesbill/index.htm |
| 590 ## - LOCAL NOTE (RLIN) | |
| Local note | ABS |
| 650 ## - SUBJECT ADDED ENTRY--TOPICAL TERM | |
| Topical term or geographic name entry element | COMPANY LAW |
| 650 ## - SUBJECT ADDED ENTRY--TOPICAL TERM | |
| Topical term or geographic name entry element | COMPANY INFORMATION |
| 650 ## - SUBJECT ADDED ENTRY--TOPICAL TERM | |
| Topical term or geographic name entry element | FINANCIAL STATEMENTS |
| 650 ## - SUBJECT ADDED ENTRY--TOPICAL TERM | |
| Topical term or geographic name entry element | COMPANY ACCOUNTS |
| 650 ## - SUBJECT ADDED ENTRY--TOPICAL TERM | |
| Topical term or geographic name entry element | SHAREHOLDERS |
| 650 ## - SUBJECT ADDED ENTRY--TOPICAL TERM | |
| Topical term or geographic name entry element | DIRECTORS |
| 650 ## - SUBJECT ADDED ENTRY--TOPICAL TERM | |
| Topical term or geographic name entry element | REFORM |
| 690 ## - LOCAL SUBJECT ADDED ENTRY--TOPICAL TERM (OCLC, RLIN) | |
| Topical term or geographic name as entry element | MANAGEMENT-BUSINESS MANAGEMENT |
| 942 ## - ADDED ENTRY ELEMENTS (KOHA) | |
| Suppress in OPAC | 0 |
| Withdrawn status | Lost status | Source of classification or shelving scheme | Damaged status | Not for loan | Home library | Current library | Shelving location | Date acquired | Total Checkouts | Full call number | Barcode | Date last seen | Copy number | Price effective from | Koha item type |
|---|---|---|---|---|---|---|---|---|---|---|---|---|---|---|---|
| Dewey Decimal Classification | London | London | Journal article | 04/11/2002 | ABS66023 | 120346-1001 | 06/08/2019 | 1 | 06/08/2019 | Journal article |